1723 1941 1803 1910 1572 1673 1835 1803 1358 1211 1627 1774 1199 1005 1488 1963 1709 1682 1404 1498 1142 1922 1337 1447 1887 1993 1770 1898 1645 1536 1811 1344 1402 1031 1617 1783 1701 1736 1429 1733 1842 1829 1492 1580 1630 1269 1615 1960 1639 1824 1521 1015 1311 1259 1935 1055 1718 1387 1611 1346 1084 1681 1228 1717 1632 1123 1147 1373 1890 1198 1625 1600 1137 1552 1956 1989 1513 1739 1309 1609 1998 1093 1871 1604 1098 1584 1054 1066 1171 1939 1516 1166 1596 1771 1361 1846 1111 1503 1405 BCNSPRNW ULIB Ver.6.0+V

เปลี่ยนเป็นภาษาไทย

Change to English
 แสดงรายละเอียดบรรณานุกรม
  กลับหน้าหลัก

Brief Record : Get Marc (ISO 2709) : E-mail record : QR code < ปิดหน้าต่าง
LEADER : 00000nam 2200000uu 4500
001    13399114799
003     ULIB
008    020711s|||| th a 000 0 tha d
245    ^aพจนานุกรมโรคและการบำบัด
260    ^a ^bม.ป.ท.,^cม.ป.ป.
945    ^p0^l0^i015017
999 ^a ทศพร
รายการนี้ยังไม่มีแท็ก
คุณยังไม่ได้ล็อกอิน คุณสามารถมีกิจกรรมร่วมกับเว็บไซต์ได้ แต่ต้องล็อกอินก่อน ::
  ล็อกอิน

รายการสื่อสารสนเทศ

ลำดับที่ ประเภท เลขเรียก/บาร์โค้ด สถานที่ สถานะ
- ไม่พบข้อมูล -

รายการใกล้เคียง
    ชื่อเรื่อง [พจนานุกรมโรคและการบำบัด]

    ผู้แต่ง []

BibComment


ยังไม่เคยถูกคอมเมนท์

คอมเมนท์ทรัพยากรรายการนี้
  คอมเมนท์: พจนานุกรมโรคและก..


 Copyright 2026. Bcnsprnw @Library